00561cam a22001931 450000100060000000300080000600500170001400800390003103500190007003500180008904000270010704100080013408200200014210000310016224500590019326000600025230000340031265000210034615241BD-RjUL20211208235758.0140209s1964 enka 000 0 eng a(BD-RjUL)15295 a(OCoLC)686901 aDLCcPPidBD-RjULbeng aeng a657.4bSIA 19641 aSidebotham, R.d1927-1970.10aAccounting for industrial management /cR. Sidebotham. aOxford ; New York :bPergamon Press; Macmillan,cc1964. avii, 197 p. :bill. ;c20 cm. 0aCost accounting.